Nothing to win but the world. (Record no. 10155)

000 -LEADER
fixed length control field 00548nam a2200181 a 4500
001 - CONTROL NUMBER
control field :::00007940$&:&@@
003 - CONTROL NUMBER IDENTIFIER
control field OkBaRHE
005 - DATE AND TIME OF LATEST TRANSACTION
control field 20000607103340.0
008 - FIXED-LENGTH DATA ELEMENTS--GENERAL INFORMATION
fixed length control field s1966 j 000 0 eng u
040 ## - CATALOGING SOURCE
Transcribing agency
100 1# - MAIN ENTRY--PERSONAL NAME
Personal name Cooper, Clay.
245 10 - TITLE STATEMENT
Title Nothing to win but the world.
260 ## - PUBLICATION, DISTRIBUTION, ETC. (IMPRINT)
Place of publication, distribution, etc Grand Rapids, MI., :
Name of publisher, distributor, etc Zondervan Publishing House
Date of publication, distribution, etc 1966
300 ## - PHYSICAL DESCRIPTION
Extent 152 p. ;
Dimensions 21 cm.
650 ## - SUBJECT ADDED ENTRY--TOPICAL TERM
Topical term or geographic name as entry element Missions
General subdivision Theory
942 ## - ADDED ENTRY ELEMENTS (KOHA)
Source of classification or shelving scheme
Koha item type Books
Copies
Date last seen Not for loan Permanent Location Date acquired Full call number Source of classification or shelving scheme Price effective from Koha item type Copy number Shelving location Damaged status Barcode Withdrawn status Lost status
2010-04-14 RHEMA Bible Training College2010-04-14BV 2063 .C645 2010-04-14Books1General Stacks 7940